Λογιστική πληθωρισμού : τιμαριθμική λογιστική, το statement no 33 FASB
Αποθηκεύτηκε σε:
| Κύριος συγγραφέας: | |
|---|---|
| Μορφή: | Βιβλίο |
| Γλώσσα: | Greek |
| Δημοσίευση: |
Αθήνα :
[χ.ό.],
c1993
|
| Έκδοση: | 4η έκδ. |
| Θέματα: | |
| Ετικέτες: |
Προσθήκη ετικέτας
Δεν υπάρχουν, Καταχωρήστε ετικέτα πρώτοι!
|
MARC
| LEADER | 00000nam a2200000 i 4500 | ||
|---|---|---|---|
| 001 | 1/14115 | ||
| 008 | 960604s1993 gre d | ||
| 035 | |l 10064877 | ||
| 040 | |a GR-MY-UA |b gre |e aacr | ||
| 041 | 0 | |a gre | |
| 082 | 0 | |a 657.48 | |
| 100 | 1 | |a Σακέλλης, Εμμανουήλ Ι. | |
| 245 | 1 | 0 | |a Λογιστική πληθωρισμού : |b τιμαριθμική λογιστική, το statement no 33 FASB / |c Εμμανουήλ Ι.Σακέλλη |
| 250 | |a 4η έκδ. | ||
| 260 | |a Αθήνα : |b [χ.ό.], |c c1993 | ||
| 300 | |a 199 σ. | ||
| 504 | |a Περιλαμβάνει βιβλιογραφία | ||
| 650 | 0 | 0 | |a Accounting |x Effect of inflation on. |
| 852 | |a INST |b CHIOS |e 19970120 |h 657.48 ΣΑΚ |p 005200010836 |q 005200010836 |t BK |y 0 | ||
| 852 | |a INST |b CHIOS |e 20001204 |h 657.48 ΣΑΚ |p 005200017095 |q 005200017095 |t BK |y 0 | ||
| 901 | |a BIBL2-2001-1 | ||
| 909 | |a Χ |b 049164 | ||
| 909 | |a Χ |b 081151 | ||
| 922 | |a 2ΕΛΗ |b 200010 |c ΤΔΕ |d ΠΑΠΑΣΩΤΗΡΙΟΥ | ||
| 950 | |a 112-2000-07-25 | ||